000 00881nam a2200265 a 4500
001 0000421
003 DO-SdBNP
005 20160620094514.0
007 0000421
008 091125s2011 ag a 000 0 spa d
020 _a9789871404452
040 _aBPMSU
_bspa
_cBPMSU
100 1 _aBellante, Viviana
245 1 0 _a¿Cómo investigar para la escuela?
_bclaves para aprender a buscar información /
_cViviana Bellante, Ana Laura Saucedo ; ilustraciones Fernando Brancaccio, Juan David Velez
260 _aBuenos Aires :
_bCirculo latino Austral,
_bLexus,
_c2011.
300 _a127 p. :
_bil. ;
_c26 cm.
490 1 _aBiblioteca del estudiante
_v2
700 1 _aSaucedo, Ana Laura
700 1 _aBrancaccio, Fernando
_eil.
700 1 _aVelez, Juan David
_eil.
830 0 _aBiblioteca del estudiante
_v2
910 _a
942 _2ddc
_cBK
956 _aYngrid Lockward
_b10
999 _c10434
_d10434